LDR 00638naa#a2200169#i#450# 001 EN\INFRA-M\bibl\126097 005 20260704204813.6 011 ## _a1998-0728 100 ## _a20260618b2026####ek#y0engy0150####ca 102 ## _aRU 200 1# _aTeaching Primary Schoolchildren Meaningful Reading Skills: from Theory to Practice _eJournal article 210 1# _aMoscow _cINFRA-M Academic Publishing LLC. _d2026 215 ## _a5 с. 608 ## _aJournal article _2local 675 ## _aПервая ступень обучения. Начальная школа. 373.3 _aРазвивающее обучение. 371.315.5 _z 700 #1 _aSoboleva _gO. V. 856 4# _anaukaru.ru _u